| 000 | 00752nam a2200289 a 4500 | ||
|---|---|---|---|
| 003 | AR-BaBNM | ||
| 005 | 20251128203909.0 | ||
| 008 | 082120s2002 ||||||||||||||000 | spa|| | ||
| 020 | _a92-3-201195-6 | ||
| 040 | _cAR-BaBNM | ||
| 100 | 1 | _aWall, W.D. | |
| 245 | 0 | 0 | _aL'éducation constructive des enfants |
| 260 |
_aParís _bUnesco _c1979 |
||
| 300 | _axvi, 348 p. | ||
| 650 | 4 | _aDESARROLLO MENTAL | |
| 650 | 4 | _aPSICOLOGIA DEL NIÑO | |
| 650 | 4 | _aINTELIGENCIA | |
| 650 | 4 | _aPAPEL DE LA FAMILIA | |
| 650 | 4 | _aADAPTACION DEL ALUMNO | |
| 650 | 4 | _aEDUCACION COMPARADA | |
| 653 | _aEDUCACION INICIAL | ||
| 653 | _aHIGIENE ESCOLAR | ||
| 653 | _aEDUCACION PRIMARIA | ||
| 700 | 1 |
_aPiaget, Jean _eprologuista |
|
| 942 | _cBK | ||
| 998 | _cCarmen | ||
| 999 |
_c5382 _d5382 |
||